| 000 | 00392nam a2200169Ia 4500 | ||
|---|---|---|---|
| 001 | 13371 | ||
| 003 | IN-NITTTR | ||
| 005 | 20251114233125.0 | ||
| 008 | 251113s9999||||xx |||||||||||||| ||eng|| | ||
| 040 | _beng | ||
| 040 | _cIN-NITTTR | ||
| 041 | _aeng | ||
| 082 | _a005.1 G693M | ||
| 100 | _aGosling, P. E. | ||
| 245 | 0 |
_aMastering computer programming / _cGosling, P. E. |
|
| 942 |
_2ddc _cBK |
||
| 999 |
_c16007 _d16007 |
||